The protestant ethics and spirit of capitalism : (Record no. 10260)

MARC details
000 -LEADER
fixed length control field 00430cam a2200157 4500
001 - CONTROL NUMBER
control field 934
005 - DATE AND TIME OF LATEST TRANSACTION
control field 20250523145805.0
008 - FIXED-LENGTH DATA ELEMENTS--GENERAL INFORMATION
fixed length control field 030701s2004 nju b 001 0 eng
010 ## - LIBRARY OF CONGRESS CONTROL NUMBER
LC control number 2003015096
020 ## - INTERNATIONAL STANDARD BOOK NUMBER
International Standard Book Number 9780415084345
100 1# - MAIN ENTRY--PERSONAL NAME
Personal name Weber,Max.
245 14 - TITLE STATEMENT
Title The protestant ethics and spirit of capitalism :
Statement of responsibility, etc. Weber,Max.
260 ## - PUBLICATION, DISTRIBUTION, ETC.
Place of publication, distribution, etc. London.
Name of publisher, distributor, etc. "Routledge 1930,
Date of publication, distribution, etc. c2004.
300 ## - PHYSICAL DESCRIPTION
Extent xxvi 292 p. ;
Dimensions 23 cm.
942 ## - ADDED ENTRY ELEMENTS (KOHA)
Source of classification or shelving scheme Dewey Decimal Classification
Koha item type Main
Holdings
Withdrawn status Lost status Source of classification or shelving scheme Damaged status Not for loan Collection code Home library Current library Shelving location Date acquired Inventory number Total Checkouts Total Renewals Full call number Barcode Date last seen Date last checked out Price effective from Koha item type Public note
    Dewey Decimal Classification     Main TEST RTC Library RTC Library Main opac 23/05/2025 19339 1 1 306.6 WEB 30020557 21/04/2026 17/03/2026 23/05/2025 Main Donated by Dr.Dolma
Royal Thimphu College || All Right Reserved